[Event "IV Festival Terre degli Elimi A"]
[Site "Erice ITA"]
[Date "2013.07.27"]
[Round "6"]
[White "Gutierrez Bolado, Juan Antonio"]
[Black "Cannella, Carlo"]
[WhiteElo "1711"]
[BlackElo "1972"]
[Result "0-1"]
[PlyCount "68"]
[EventDate "2013.07.24"]

1. e4 c6 2. d4 d5 3. exd5 cxd5 4. Bd3 Nc6 5. c3 Nf6 6. Bf4 e6 7. Qb3 Bd6 8.
Bxd6 Qxd6 9. Nf3 O-O 10. Nbd2 a5 11. a4 Bd7 12. O-O Rfb8 13. Rae1 Na7 14. c4
Qc6 15. Ra1 Qc7 16. Rfc1 dxc4 17. Nxc4 b5 18. Nce5 Qd8 19. Nxd7 Qxd7 20. Qd1
bxa4 21. Rc4 Nc6 22. Ne5 Nxe5 23. dxe5 Nd5 24. Bxh7+ Kxh7 25. Qh5+ Kg8 26. Rh4
Kf8 27. Qg5 f6 28. Qg6 Qf7 29. Rh8+ Ke7 30. exf6+ Qxf6 31. Qc2 Rxh8 32. Qc5+
Kf7 33. Re1 Qf4 34. h3 Qb4 0-1

[Event "IV Festival Terre degli Elimi A"]
[Site "Erice ITA"]
[Date "2013.07.27"]
[Round "6"]
[White "Iannello, Andrea"]
[Black "Rigattieri, Uber"]
[WhiteElo "1837"]
[BlackElo "1873"]
[Result "1-0"]
[PlyCount "165"]
[EventDate "2013.07.24"]

1. e4 c5 2. Nf3 a6 3. c4 Nc6 4. Nc3 d6 5. d4 cxd4 6. Nxd4 g6 7. Be3 Bg7 8. Be2
Nf6 9. O-O h5 10. h3 O-O 11. Qd2 Nd7 12. f4 Nxd4 13. Bxd4 e5 14. Be3 exf4 15.
Bxf4 Ne5 16. Rad1 Be6 17. b3 Qb6+ 18. Be3 Qa5 19. Na4 Qxd2 20. Rxd2 Rfe8 21.
Rxd6 Bf8 22. Rdd1 Rac8 23. Nb6 Rc6 24. Nd5 Kg7 25. Bd4 Bc5 26. Bxc5 Rxc5 27.
Bf3 Bc8 28. Be2 Rc6 29. Rfe1 Be6 30. Nb4 Rcc8 31. Nd3 Nc6 32. Nc5 Rc7 33. Rd2
Ne5 34. Nxe6+ Rxe6 35. Red1 Ree7 36. Kf2 Kf6 37. Rd6+ Kg7 38. R1d4 Nc6 39. Rd2
Rxe4 40. Bf3 Ree7 41. Bxc6 Rxc6 42. Rxc6 bxc6 43. Rd6 Rc7 44. Ke3 a5 45. Kd4
c5+ 46. Kd5 a4 47. Rc6 Rb7 48. bxa4 Ra7 49. Kxc5 Rxa4 50. Kb6 Rxa2 51. g4 hxg4
52. hxg4 Rg2 53. Rd6 Rxg4 54. c5 Rb4+ 55. Kc7 f5 56. c6 f4 57. Kd7 Rc4 58. c7
Rxc7+ 59. Kxc7 g5 60. Rd1 Kf6 61. Kd6 g4 62. Kd5 Kf5 63. Kd4 g3 64. Kd3 Kg4 65.
Ke2 f3+ 66. Kf1 Kf4 67. Rd8 Ke3 68. Re8+ Kf4 69. Rf8+ Kg4 70. Rg8+ Kh3 71. Rg7
Kh4 72. Ra7 Kg4 73. Ra4+ Kf5 74. Ke1 Kg5 75. Kf1 Kf5 76. Ke1 Kg5 77. Rb4 Kf5
78. Kf1 Kg5 79. Ke1 Kf5 80. Kf1 Kg5 81. Rb8 Kf4 82. Rf8+ Kg4 83. Rg8+ 1-0

[Event "IV Festival Terre degli Elimi A"]
[Site "Erice ITA"]
[Date "2013.07.27"]
[Round "6"]
[White "Konijn, Bart"]
[Black "Van Dongen, Cor"]
[WhiteElo "2264"]
[BlackElo "2357"]
[Result "0-1"]
[PlyCount "42"]
[EventDate "2013.07.24"]

1. e4 e6 2. d4 d5 3. Nc3 Bb4 4. e5 c5 5. a3 Bxc3+ 6. bxc3 Ne7 7. Qg4 Qc7 8.
Qxg7 Rg8 9. Qxh7 cxd4 10. Ne2 Nbc6 11. f4 dxc3 12. h4 Bd7 13. h5 O-O-O 14. h6
Rg6 15. g4 Rxg4 16. Qxf7 Rg6 17. Qh7 Rdg8 18. Rh5 Qd8 19. f5 exf5 20. Bh3 Rh8
21. Qf7 Nxe5 0-1

[Event "IV Festival Terre degli Elimi A"]
[Site "Erice ITA"]
[Date "2013.07.27"]
[Round "6"]
[White "Konijn, Rob"]
[Black "Ljubisavljevic, Zivojin Z."]
[WhiteElo "1974"]
[BlackElo "2215"]
[Result "0-1"]
[PlyCount "57"]
[EventDate "2013.07.24"]

1. e4 g6 2. d4 Bg7 3. Nc3 d6 4. f4 Nc6 5. Be3 Nf6 6. Nf3 O-O 7. Be2 e5 8. fxe5
dxe5 9. d5 Ne7 10. Qd3 Ne8 11. O-O-O a6 12. h4 b5 13. h5 Nd6 14. hxg6 hxg6 15.
Bh6 f6 16. Qe3 Nf7 17. Bxg7 Kxg7 18. Nb1 Rh8 19. c4 bxc4 20. Bxc4 Nd6 21. Bb3
Bd7 22. Nc3 a5 23. Ba4 Rxh1 24. Rxh1 Nf7 25. Kb1 Qe8 26. Bb3 a4 27. Bc2 g5 28.
Ne1 Ng6 29. Nd3 {...} 0-1

[Event "IV Festival Terre degli Elimi A"]
[Site "Erice ITA"]
[Date "2013.07.27"]
[Round "6"]
[White "La Franca, Vincenzo"]
[Black "Russo, Carmelo"]
[WhiteElo "1656"]
[BlackElo "1686"]
[Result "1-0"]
[PlyCount "99"]
[EventDate "2013.07.24"]

1. d4 Nf6 2. Nf3 d5 3. e3 g6 4. b3 Bg7 5. Bb2 O-O 6. c4 e6 7. g3 c5 8. Nbd2 Nc6
9. Bg2 Nb4 10. O-O Nd3 11. Ba3 Qa5 12. Bxc5 Nxc5 13. dxc5 Qxc5 14. Rc1 Qa3 15.
Rc2 Rb8 16. Qc1 Qa5 17. c5 Bd7 18. Ne5 Bb5 19. Re1 Nd7 20. Nxd7 Bxd7 21. Nf3
Bb5 22. Bf1 Rbc8 23. Bxb5 Qxb5 24. Nd4 Qd3 25. Rd1 Qa6 26. b4 e5 27. Nb3 Rfd8
28. Na5 d4 29. exd4 exd4 30. Qb1 d3 31. Rcd2 b6 32. Nb3 Bc3 33. Rxd3 Rxd3 34.
Rxd3 Bxb4 35. cxb6 Qxb6 36. Qd1 Re8 37. Kg2 Be1 38. Qf3 a5 39. Rd7 Rf8 40. Rb7
Qe6 41. a4 Rd8 42. Nc5 Qe8 43. Ne4 Qe6 44. Ng5 Qd5 45. Qxd5 Rxd5 46. Nxf7 Rf5
47. Nh6+ Kf8 48. Nxf5 gxf5 49. Ra7 Bd2 50. Rd7 1-0

[Event "IV Festival Terre degli Elimi A"]
[Site "Erice ITA"]
[Date "2013.07.27"]
[Round "6"]
[White "Lo Pinto, Giovanni"]
[Black "Spinella, Andrea"]
[WhiteElo "1948"]
[BlackElo "1808"]
[Result "1/2-1/2"]
[PlyCount "64"]
[EventDate "2013.07.24"]

1. g3 Nf6 2. Bg2 g6 3. d4 Bg7 4. e4 d6 5. Ne2 O-O 6. Nbc3 e5 7. h3 Nc6 8. O-O
Re8 9. Be3 Nd7 10. f4 Nb6 11. dxe5 Nc4 12. Bc1 dxe5 13. b3 Nd6 14. Ba3 Nd4 15.
Nxd4 exd4 16. Bxd6 Qxd6 17. e5 Qb4 18. Nd5 Qc5 19. b4 Qc4 20. Qd3 Qxd3 21. cxd3
Rd8 22. Nxc7 Rb8 23. Nb5 Bf8 24. Rab1 a6 25. Na3 a5 26. Nc2 Bf5 27. Rfd1 Rbc8
28. Rb2 Rc3 29. Bf1 a4 30. Rd2 Be6 31. Ne1 Rc1 32. Kf2 a3 1/2-1/2

[Event "IV Festival Terre degli Elimi A"]
[Site "Erice ITA"]
[Date "2013.07.27"]
[Round "6"]
[White "Marzaduri, Riccardo"]
[Black "Ganci, Fabrizio"]
[WhiteElo "1931"]
[BlackElo "2073"]
[Result "1-0"]
[PlyCount "69"]
[EventDate "2013.07.24"]

1. e4 e6 2. d4 d5 3. Nc3 Nf6 4. Bg5 Be7 5. e5 Nfd7 6. h4 a6 7. Qg4 Bxg5 8. hxg5
c5 9. g6 f5 10. Qg3 h6 11. Nge2 Nc6 12. O-O-O Qb6 13. dxc5 Nxc5 14. Nf4 d4 15.
Nce2 Bd7 16. Nh5 O-O-O 17. Nef4 Ne4 18. Qh4 Nb4 19. Bc4 d3 20. Nxd3 Nxd3+ 21.
Rxd3 Nxf2 22. Rb3 Qc5 23. Rf1 Ne4 24. Nxg7 Qxe5 25. Nh5 Ba4 26. Rd3 Rxd3 27.
cxd3 Nc5 28. Re1 Qd6 29. Qf6 Rf8 30. Qc3 Re8 31. g7 Kb8 32. b4 Nd7 33. Rxe6
Rxe6 34. g8=Q+ Nf8 35. Bxe6 1-0

[Event "IV Festival Terre degli Elimi A"]
[Site "Erice ITA"]
[Date "2013.07.27"]
[Round "6"]
[White "Masternak, Grzegorz"]
[Black "Lammens, Tim"]
[WhiteElo "2339"]
[BlackElo "2316"]
[Result "1/2-1/2"]
[PlyCount "25"]
[EventDate "2013.07.24"]

1. e4 c5 2. Nc3 Nc6 3. g3 g6 4. Bg2 Bg7 5. d3 d6 6. f4 e5 7. Nf3 Nge7 8. O-O
O-O 9. Be3 exf4 10. Bxf4 h6 11. Qd2 Kh7 12. Rfe1 Ne5 13. Nxe5 1/2-1/2

[Event "IV Festival Terre degli Elimi A"]
[Site "Erice ITA"]
[Date "2013.07.27"]
[Round "6"]
[White "Mondello, Simone"]
[Black "Bertino, Giacomo"]
[WhiteElo "1800"]
[BlackElo "1928"]
[Result "0-1"]
[PlyCount "32"]
[EventDate "2013.07.24"]

1. e4 d5 2. exd5 Nf6 3. d4 Nxd5 4. c4 Nb6 5. Nc3 e5 6. dxe5 Qxd1+ 7. Nxd1 Nc6
8. Ne3 Bb4+ 9. Bd2 Bxd2+ 10. Kxd2 Nxe5 11. f4 Ng4 12. Re1 O-O 13. Nxg4 Bxg4 14.
Bd3 Na4 15. Kc2 Rad8 16. Ne2 Nxb2 0-1

[Event "IV Festival Terre degli Elimi A"]
[Site "Erice ITA"]
[Date "2013.07.27"]
[Round "6"]
[White "Movileanu, Daniela"]
[Black "Van Den Berg, Bram"]
[WhiteElo "2030"]
[BlackElo "2231"]
[Result "1/2-1/2"]
[PlyCount "100"]
[EventDate "2013.07.24"]

1. e4 c5 2. Nc3 d6 3. Nge2 g6 4. g3 Bg7 5. Bg2 Nc6 6. d3 e6 7. O-O Nge7 8. Be3
Rb8 9. Qd2 b5 10. Bh6 O-O 11. Bxg7 Kxg7 12. d4 b4 13. Nd1 Ba6 14. d5 exd5 15.
exd5 Nd4 16. Nxd4 Bxf1 17. Bxf1 cxd4 18. Qxd4+ Kg8 19. Ne3 Nc8 20. Ng4 f6 21.
Bd3 Qe7 22. Kf1 Qg7 23. Ne3 f5 24. Qxg7+ Kxg7 25. Ng2 Nb6 26. Nf4 Kf6 27. h4
Rfe8 28. a3 a5 29. axb4 axb4 30. Ra6 Rb7 31. Ra5 Nd7 32. Bb5 Rc8 33. Bc6 Rbc7
34. Ne6 Rxc6 35. dxc6 Rxc6 36. Nd4 Rc4 37. Rd5 Ke7 38. b3 Rc3 39. Rb5 Nc5 40.
Rxb4 Ne6 41. Rb7+ Kf6 42. Nb5 Rxc2 43. Nxd6 Nc5 44. Rb6 Ke7 45. Nc4 Ne4 46.
Rb7+ Kf6 47. Rxh7 Rxf2+ 48. Ke1 Rf3 49. h5 Rxb3 50. hxg6 Kxg6 1/2-1/2

[Event "IV Festival Terre degli Elimi A"]
[Site "Erice ITA"]
[Date "2013.07.27"]
[Round "6"]
[White "Nabuurs, Mart"]
[Black "Arnaudov, G. Petar"]
[WhiteElo "2243"]
[BlackElo "2487"]
[Result "0-1"]
[PlyCount "104"]
[EventDate "2013.07.24"]

1. e4 e5 2. Nf3 Nc6 3. Bc4 Bc5 4. d3 Nf6 5. O-O O-O 6. c3 d5 7. exd5 Nxd5 8. b4
Be7 9. b5 Na5 10. Nxe5 Bf6 11. Ng4 Nxc3 12. Nxf6+ Qxf6 13. Bb2 Nxd1 14. Bxf6
gxf6 15. Rxd1 Nxc4 16. dxc4 Be6 17. c5 a6 18. Nc3 axb5 19. Nxb5 Rfc8 20. a4 Ra5
21. Rd4 Kf8 22. f3 Ke7 23. Kf2 Rd8 24. Ke3 Rd7 25. Ra3 c6 26. Rxd7+ Bxd7 27.
Nd6 b5 28. Kd4 Rxa4+ 29. Rxa4 bxa4 30. Kc3 Ke6 31. Kb4 Kd5 32. Ne4 Bf5 33. Nc3+
Kd4 34. Nxa4 h5 35. h4 Be6 36. Ka5 Bb3 37. Nb6 Be6 38. Na4 f5 39. Kb6 Bb3 40.
Nb2 Bd5 41. Nd1 Ke5 42. Ne3 f4 43. Nd1 Kd4 44. Nf2 Ke3 45. Nh3 f6 46. Kc7 Bc4
47. Kxc6 Bf1 48. Kd5 Bxg2 49. Ng1 Kf2 50. Ke4 Kxg1 51. Kxf4 Bh3 52. Kg3 Bd7 0-1

[Event "IV Festival Terre degli Elimi A"]
[Site "Erice ITA"]
[Date "2013.07.27"]
[Round "6"]
[White "Piazza, Dario"]
[Black "Tondo, Salvatore"]
[WhiteElo "1881"]
[BlackElo "1935"]
[Result "1/2-1/2"]
[PlyCount "138"]
[EventDate "2013.07.24"]

1. d4 Nf6 2. Nf3 e6 3. Nbd2 b6 4. e4 d6 5. Bd3 Nbd7 6. b3 Be7 7. c4 e5 8. d5
Nc5 9. Bc2 a5 10. a3 O-O 11. Rb1 Bg4 12. O-O Bh5 13. Qe1 Qc8 14. h3 Kh8 15. Nh4
Bg6 16. Nf5 Bxf5 17. exf5 c6 18. dxc6 Qxc6 19. f4 e4 20. b4 axb4 21. axb4 Nd3
22. Bxd3 exd3 23. Qe3 Rfe8 24. Qxd3 Bf8 25. Bb2 Ne4 26. Nf3 Rac8 27. Rbc1 Qb7
28. Bd4 Nf6 29. Rfe1 Be7 30. Ng5 Kg8 31. Ne4 Nxe4 32. Rxe4 Bf8 33. Rxe8 Rxe8
34. f6 g6 35. Rf1 Qc6 36. f5 Qe4 37. Qd2 d5 38. cxd5 Qxd5 39. fxg6 hxg6 40. Qf2
Bxb4 41. Bxb6 Ra8 42. Qf3 Qxf3 43. Rxf3 Rb8 44. Be3 Rc8 45. g4 Bf8 46. Kg2 Kh8
47. g5 Bb4 48. Kg3 Bd6+ 49. Bf4 Bf8 50. Kg4 Ra8 51. Rf2 Ra4 52. h4 Bd6 53. Kg3
Ra3+ 54. Rf3 Bxf4+ 55. Kxf4 Ra4+ 56. Kg3 Ra8 57. Kg4 Ra4+ 58. Rf4 Ra8 59. h5
gxh5+ 60. Kxh5 Kg8 61. g6 fxg6+ 62. Kxg6 Ra1 63. Rg4 Kf8 64. Rg5 Rb1 65. Re5
Rg1+ 66. Kf5 Ra1 67. Re7 Rf1+ 68. Ke6 Re1+ 69. Kd7 Rd1+ 1/2-1/2

[Event "IV Festival Terre degli Elimi A"]
[Site "Erice ITA"]
[Date "2013.07.27"]
[Round "6"]
[White "Prinzivalli, Achille"]
[Black "Dagnino, Marcello"]
[WhiteElo "1721"]
[BlackElo "1516"]
[Result "1-0"]
[PlyCount "40"]
[EventDate "2013.07.24"]

1. e4 d6 2. d4 Nf6 3. Nc3 Nbd7 4. Bd3 e5 5. Nge2 Be7 6. O-O O-O 7. f4 exf4 8.
Nxf4 c6 9. Nce2 c5 10. c3 Qc7 11. Ng3 Nb6 12. Qe1 c4 13. Bc2 h6 14. h3 Bd7 15.
Ngh5 g5 16. Qg3 Kh8 17. Nxf6 Bxf6 18. Nh5 Bd8 19. Nf6 d5 20. e5 Be6 1-0

[Event "IV Festival Terre degli Elimi A"]
[Site "Erice ITA"]
[Date "2013.07.27"]
[Round "6"]
[White "Ravagnani, Tiziano"]
[Black "Martinez, Ayelen"]
[WhiteElo "1960"]
[BlackElo "2103"]
[Result "1-0"]
[PlyCount "59"]
[EventDate "2013.07.24"]

1. e4 c5 2. Nf3 d6 3. d4 cxd4 4. Nxd4 Nf6 5. Nc3 a6 6. Bg5 Nbd7 7. f4 Qc7 8.
Qf3 h6 9. Bxf6 Nxf6 10. O-O-O e6 11. g4 Be7 12. Bg2 Rb8 13. Rhe1 b5 14. e5 dxe5
15. Qc6+ Qxc6 16. Bxc6+ Kf8 17. fxe5 Nxg4 18. Re2 b4 19. Na4 a5 20. Nf3 Ba6 21.
Red2 g6 22. Re1 h5 23. h3 Nh6 24. Rd7 Nf5 25. Ra7 Bb5 26. Bxb5 Rxb5 27. Rd1 g5
28. Rg1 Rb8 29. Nxg5 Rg8 30. Nh7+ 1-0

[Event "IV Festival Terre degli Elimi A"]
[Site "Erice ITA"]
[Date "2013.07.27"]
[Round "6"]
[White "Rosolia, Giuseppe"]
[Black "Alaimo, Francesco"]
[WhiteElo "1801"]
[BlackElo "1657"]
[Result "0-1"]
[PlyCount "72"]
[EventDate "2013.07.24"]

1. Nf3 Nf6 2. d3 d5 3. Nbd2 c5 4. e4 Nc6 5. Be2 e5 6. O-O Be7 7. c3 O-O 8. h3
h6 9. Qc2 Be6 10. Re1 d4 11. c4 Qd7 12. g4 Nh7 13. Nf1 Ng5 14. Nxg5 hxg5 15.
Ng3 g6 16. Bd2 Kg7 17. Kg2 Rh8 18. Rh1 Rh4 19. a3 a6 20. Rab1 Rc8 21. Nf5+ gxf5
22. exf5 Bxf5 23. gxf5 Qxf5 24. Bg4 Rxg4+ 25. hxg4 Qxg4+ 26. Kf1 Qf3 27. Rg1 f6
28. Rg3 Qh1+ 29. Ke2 Qh5+ 30. Kf1 Qh1+ 31. Rg1 Qh3+ 32. Ke1 Qh2 33. Rf1 Qg2 34.
f3 Rh8 35. Qd1 Rh2 36. b4 Qg3+ 0-1

[Event "IV Festival Terre degli Elimi A"]
[Site "Erice ITA"]
[Date "2013.07.27"]
[Round "6"]
[White "Savalla, Pietro"]
[Black "Duijker, Rick"]
[WhiteElo "1909"]
[BlackElo "2258"]
[Result "0-1"]
[PlyCount "90"]
[EventDate "2013.07.24"]

1. d4 Nf6 2. Nf3 g6 3. Nbd2 Bg7 4. e4 d6 5. Bd3 O-O 6. O-O Nbd7 7. c3 e5 8.
dxe5 dxe5 9. Qe2 Qe7 10. Bc2 Nh5 11. Nb3 a5 12. a4 b6 13. Rd1 Re8 14. Bd3 Bb7
15. Bc4 h6 16. Ne1 Nf8 17. f3 g5 18. g3 Nf6 19. h3 Rad8 20. Be3 Ng6 21. Ng2 Bc8
22. Kh2 Nh7 23. Rxd8 Rxd8 24. Rd1 Rd7 25. Nc1 h5 26. g4 Nf4 27. Nxf4 gxf4 28.
Bf2 Bf6 29. Rxd7 Bxd7 30. b3 Bh4 31. Qe1 Bxf2 32. Qxf2 hxg4 33. hxg4 Ng5 34.
Ne2 Qd6 35. Ng1 Kg7 36. Kg2 Qd1 37. Qe2 Qc1 38. Qd3 Qb2+ 39. Kf1 Be6 40. Bxe6
Nxe6 41. c4 Nd4 42. Ke1 Qg2 43. Ne2 Nxf3+ 44. Kd1 Qf1+ 45. Kc2 Ne1+ 0-1

[Event "IV Festival Terre degli Elimi A"]
[Site "Erice ITA"]
[Date "2013.07.27"]
[Round "6"]
[White "Spinelli, Dario"]
[Black "Lo Bosco, Salvatore"]
[WhiteElo "1606"]
[BlackElo "1720"]
[Result "1/2-1/2"]
[PlyCount "59"]
[EventDate "2013.07.24"]

1. e4 c5 2. Nf3 d6 3. d4 cxd4 4. Nxd4 Nf6 5. Nc3 a6 6. Bc4 e6 7. Bg5 Be7 8. O-O
Qc7 9. Bb3 Nc6 10. Nf3 Na5 11. Re1 Nxb3 12. axb3 h6 13. Bh4 g5 14. Bg3 Nh5 15.
Nb5 Qd8 16. Nxd6+ Bxd6 17. Bxd6 Nf4 18. Be5 Rg8 19. Qxd8+ Kxd8 20. Bxf4 gxf4
21. Rad1+ Ke7 22. Rd2 Bd7 23. Ne5 Rad8 24. Rxd7+ Rxd7 25. Nxd7 Kxd7 26. Rd1+
Ke7 27. Kf1 e5 28. Rd3 Ke6 29. Rh3 Rg6 30. Rc3 1/2-1/2

[Event "IV Festival Terre degli Elimi A"]
[Site "Erice ITA"]
[Date "2013.07.27"]
[Round "6"]
[White "Stirpe, Claudio"]
[Black "Groenewold, Jan Joris"]
[WhiteElo "2029"]
[BlackElo "2175"]
[Result "0-1"]
[PlyCount "142"]
[EventDate "2013.07.24"]

1. d4 Nf6 2. c4 e6 3. Nc3 Bb4 4. Qc2 b6 5. e4 c5 6. d5 exd5 7. exd5 Qe7+ 8. Qe2
Ne4 9. Bd2 Bxc3 10. Bxc3 Nxc3 11. Qxe7+ Kxe7 12. bxc3 d6 13. Bd3 Nd7 14. Nf3
Nf6 15. O-O Bg4 16. Nh4 Rae8 17. Nf5+ Bxf5 18. Bxf5 Kd8 19. Rfe1 Rxe1+ 20. Rxe1
Re8 21. Kf1 Rxe1+ 22. Kxe1 a6 23. a4 b5 24. cxb5 axb5 25. axb5 c4 26. Kd2 g6
27. Bc2 Nxd5 28. Be4 Nf6 29. Bf3 Kc7 30. Ke3 Kb6 31. Bc6 Kc5 32. f3 Ng8 33. g4
Ne7 34. Be8 Nd5+ 35. Kd2 f6 36. Bf7 Nb6 37. Be8 g5 38. Ke3 Nd5+ 39. Kd2 Nc7 40.
b6 Kxb6 41. Ba4 Kc5 42. Bc2 h6 43. Bd1 d5 44. Bc2 d4 45. cxd4+ Kxd4 46. Be4 Ne6
47. Bf5 Nc7 48. Be4 c3+ 49. Kc2 Nb5 50. Bf5 Nd6 51. Bd7 Nc4 52. Bc6 Ne3+ 53.
Kc1 Nc4 54. h3 Nd2 55. Kc2 Nc4 56. Bb7 Na3+ 57. Kb3 Nb5 58. Bc6 Nc7 59. Kc2 Ne6
60. Bb5 Nf4 61. Bf1 Nd5 62. Bb5 Nb4+ 63. Kb3 Nd3 64. Kc2 Ne1+ 65. Kd1 Nxf3 66.
Kc2 Ng1 67. Bf1 Ke3 68. Kxc3 Kf2 69. Bb5 Kg3 70. Kd3 Nxh3 71. Bd7 Nf2+ 0-1

[Event "IV Festival Terre degli Elimi A"]
[Site "Erice ITA"]
[Date "2013.07.27"]
[Round "6"]
[White "Toma, Katarzyna"]
[Black "Przezdziecka, Marta"]
[WhiteElo "2305"]
[BlackElo "2297"]
[Result "1/2-1/2"]
[PlyCount "24"]
[EventDate "2013.07.24"]

1. e4 c5 2. Nf3 a6 3. c4 e6 4. Nc3 Qc7 5. d3 Nc6 6. g3 d6 7. Bg2 Nf6 8. O-O Be7
9. h3 O-O 10. Be3 Rb8 11. d4 cxd4 12. Nxd4 Nxd4 1/2-1/2

[Event "IV Festival Terre degli Elimi A"]
[Site "Erice ITA"]
[Date "2013.07.27"]
[Round "6"]
[White "Valguarnera, Girolamo"]
[Black "Iannello, Antonio"]
[WhiteElo "2086"]
[BlackElo "1852"]
[Result "1-0"]
[PlyCount "147"]
[EventDate "2013.07.24"]

1. Nf3 Nf6 2. g3 g6 3. Bg2 Bg7 4. O-O d6 5. d3 O-O 6. Nbd2 c5 7. a4 Nc6 8. e4
a6 9. Nc4 Rb8 10. a5 Be6 11. Nfd2 d5 12. exd5 Bxd5 13. Bxd5 Qxd5 14. Ne3 Qd8
15. Nb3 Nd7 16. Ra4 Nd4 17. Nxd4 cxd4 18. Nc4 Nc5 19. Ra1 Qd5 20. Bd2 e5 21.
Bb4 Rfe8 22. Nb6 Qc6 23. Bxc5 Qxc5 24. Nd7 Qd5 25. Nxb8 Rxb8 26. Qe2 Rc8 27.
Qd2 f5 28. c4 Qf3 29. Qd1 Qc6 30. Qa4 Qf3 31. Qd7 Rf8 32. Ra3 h5 33. Rb3 Rf7
34. Qe6 h4 35. Qd5 Qxd5 36. cxd5 hxg3 37. fxg3 Rd7 38. Rc1 e4 39. Kf1 exd3 40.
Rxd3 Rxd5 41. Rc8+ Kf7 42. Rc7+ Kg8 43. Rxb7 Rxa5 44. Ra7 Rb5 45. b3 Rb6 46.
Ke2 Bf6 47. Rc7 Be5 48. Rc4 Re6 49. Kd2 Kf7 50. Kc2 g5 51. Rc5 g4 52. b4 Kg6
53. Kb3 Kg5 54. Kc4 Bf6 55. Rd2 Bg7 56. Ra2 Bf8 57. Rc8 Bg7 58. Rg8 Kf6 59. Kd5
Rb6 60. Kc5 Rb5+ 61. Kc4 Rb6 62. Ra8 Kg5 63. R8xa6 Rb7 64. Rc6 Bf8 65. b5 f4
66. gxf4+ Kf5 67. b6 d3 68. Kxd3 Rd7+ 69. Kc4 Bd6 70. Ra7 Rd8 71. Ra5+ Kxf4 72.
Rd5 Be7 73. Rxd8 Bxd8 74. b7 1-0

[Event "IV Festival Terre degli Elimi A"]
[Site "Erice ITA"]
[Date "2013.07.27"]
[Round "6"]
[White "Van Assendelft, Floris"]
[Black "Amato, Andrea"]
[WhiteElo "2381"]
[BlackElo "2291"]
[Result "1/2-1/2"]
[PlyCount "27"]
[EventDate "2013.07.24"]

1. e4 d6 2. d4 Nf6 3. Nc3 e5 4. Nf3 Nbd7 5. Bc4 Be7 6. O-O O-O 7. Re1 c6 8. a4
a5 9. h3 exd4 10. Nxd4 Nc5 11. Bf4 Qb6 12. Nb3 Qb4 13. Qd4 Ne6 14. Bxe6 1/2-1/2

[Event "IV Festival Terre degli Elimi A"]
[Site "Erice ITA"]
[Date "2013.07.27"]
[Round "6"]
[White "Van Weersel, Arlette"]
[Black "Clijsen, Mark"]
[WhiteElo "2176"]
[BlackElo "2159"]
[Result "1/2-1/2"]
[PlyCount "50"]
[EventDate "2013.07.24"]

1. e4 e6 2. d4 d5 3. Nc3 Nf6 4. e5 Nfd7 5. f4 c5 6. Nf3 Nc6 7. Be3 cxd4 8. Nxd4
Bc5 9. Qd2 a6 10. O-O-O O-O 11. Qf2 Nxd4 12. Bxd4 Qc7 13. Bd3 Bxd4 14. Qxd4 Qc5
15. Ne2 b5 16. Rhf1 b4 17. Rf3 g6 18. Qe3 Qxe3+ 19. Rxe3 a5 20. Bb5 Nc5 21. Nd4
Ba6 22. Bxa6 Rxa6 23. Kd2 Rc8 24. Ke2 Na4 25. Rb3 Nc5 1/2-1/2

[Event "IV Festival Terre degli Elimi A"]
[Site "Erice ITA"]
[Date "2013.07.27"]
[Round "6"]
[White "Walkusz, Malgorzata"]
[Black "Savalla, Gianluca"]
[WhiteElo "1924"]
[BlackElo "1653"]
[Result "1-0"]
[PlyCount "71"]
[EventDate "2013.07.24"]

1. e4 e5 2. Nf3 d6 3. d4 exd4 4. Nxd4 Nf6 5. Nc3 Be7 6. Be2 O-O 7. O-O c5 8.
Nb3 Nc6 9. Be3 Be6 10. f4 a6 11. Bf3 Qb6 12. Nd5 Bxd5 13. exd5 Na5 14. Qe2 Nxb3
15. axb3 Nd7 16. Qc4 Bf6 17. c3 Rfe8 18. Rae1 Qc7 19. g4 b5 20. Qd3 g6 21. Kg2
Qb7 22. Re2 Bg7 23. Rfe1 Nb6 24. Qd2 Qd7 25. h4 Qd8 26. Rh1 Nd7 27. h5 Nf6 28.
hxg6 fxg6 29. Qd3 Qd7 30. Kg3 Rf8 31. g5 Ne8 32. Reh2 Bh8 33. Bg4 c4 34. bxc4
bxc4 35. Bxd7 cxd3 36. Be6+ 1-0

[Event "IV Festival Terre degli Elimi A"]
[Site "Erice ITA"]
[Date "2013.07.28"]
[Round "7"]
[White "Adrian, Claude"]
[Black "Van Assendelft, Floris"]
[WhiteElo "2221"]
[BlackElo "2381"]
[Result "1/2-1/2"]
[PlyCount "50"]
[EventDate "2013.07.24"]

1. Nf3 Nf6 2. c4 g6 3. g3 Bg7 4. Bg2 O-O 5. d4 c5 6. Nc3 d6 7. O-O Nc6 8. dxc5
dxc5 9. Be3 Ng4 10. Qxd8 Rxd8 11. Bxc5 Be6 12. h3 Nh6 13. Nd5 Bxd5 14. cxd5
Rxd5 15. Ba3 Rad8 16. Rac1 Rb5 17. Rfd1 Rxd1+ 18. Rxd1 Kf8 19. Ne1 Ke8 20. Nd3
Nd4 21. e3 Ne6 22. Rc1 Kd8 23. Rd1 Ke8 24. Rc1 Kd8 25. Rd1 Ke8 1/2-1/2

[Event "IV Festival Terre degli Elimi A"]
[Site "Erice ITA"]
[Date "2013.07.28"]
[Round "7"]
[White "Arnaudov, G. Petar"]
[Black "Toma, Katarzyna"]
[WhiteElo "2487"]
[BlackElo "2305"]
[Result "1-0"]
[PlyCount "191"]
[EventDate "2013.07.24"]

1. d4 Nf6 2. c4 g6 3. Nc3 d5 4. Bg5 Ne4 5. h4 Nxg5 6. hxg5 dxc4 7. e3 h5 8.
Bxc4 Bg7 9. Qc2 Nd7 10. O-O-O c6 11. Nge2 Qa5 12. Nf4 Qxg5 13. Bxf7+ Kxf7 14.
Qb3+ Ke8 15. Ne6 Qa5 16. Nxg7+ Kf8 17. Ne6+ Ke8 18. Nf4 Nf8 19. d5 Qb6 20. Qc2
Bf5 21. e4 Bg4 22. Rd2 Qc7 23. d6 Qa5 24. f3 Bd7 25. dxe7 Kxe7 26. Rhd1 Qg5 27.
Nce2 Ke8 28. Qb3 Rh7 29. Kb1 b6 30. Rd6 Rf7 31. Qc3 Rxf4 32. Nxf4 Qxf4 33. Rf6
Qc7 34. Rxf8+ Kxf8 35. Qf6+ Kg8 36. Qxg6+ Kf8 37. Qf6+ Kg8 38. Qe7 Qg3 39. Qxd7
Qxg2 40. Qe6+ Kh8 41. Qe5+ Kg8 42. Qe6+ Kh8 43. Qxc6 Rf8 44. Qc3+ Kg8 45. Qc4+
Kh8 46. Qd4+ Qg7 47. Qd5 h4 48. Rh1 Qh6 49. Qe5+ Kg8 50. Rg1+ Kh7 51. Qe7+ Kh8
52. Rg4 Rf4 53. Qd8+ Rf8 54. Qxh4 Qxh4 55. Rxh4+ Kg7 56. Rg4+ Kh6 57. f4 Kh5
58. Rg5+ Kh6 59. Rf5 Rc8 60. e5 Kg6 61. Rf6+ Kg7 62. a4 Rc5 63. Ka2 Rc4 64. Kb3
Re4 65. Ka3 Rd4 66. Rd6 Rxf4 67. Rd7+ Kf8 68. Rxa7 Re4 69. Rb7 Rxe5 70. Rxb6
Ke7 71. Rc6 Kd7 72. Rc3 Re1 73. b4 Ra1+ 74. Kb3 Rb1+ 75. Kc4 Kc6 76. a5 Rb2 77.
Rh3 Rc2+ 78. Kb3 Rg2 79. Rh6+ Kb7 80. Ka4 Rg4 81. a6+ Ka7 82. Ka5 Rg1 83. Rh7+
Ka8 84. b5 Rg5 85. Rd7 Rh5 86. Kb6 Rh6+ 87. Kc5 Rh1 88. b6 Rc1+ 89. Kd6 Rd1+
90. Ke7 Re1+ 91. Kf6 Rf1+ 92. Ke5 Re1+ 93. Kf4 Re8 94. Kf5 Kb8 95. Kf6 Rh8 96.
Kg7 1-0

[Event "IV Festival Terre degli Elimi A"]
[Site "Erice ITA"]
[Date "2013.07.28"]
[Round "7"]
[White "Bertino, Giacomo"]
[Black "Bifulco, Michel"]
[WhiteElo "1928"]
[BlackElo "2026"]
[Result "0-1"]
[PlyCount "130"]
[EventDate "2013.07.24"]

1. d4 d5 2. Nf3 Nc6 3. Bf4 Bg4 4. Nbd2 e6 5. h3 Bh5 6. c3 Bd6 7. Ne5 Nge7 8.
Ndf3 f6 9. Nxc6 bxc6 10. e3 O-O 11. Be2 c5 12. dxc5 Bxc5 13. Nd4 Bf7 14. Bg4 e5
15. Ne6 Bxe6 16. Bxe6+ Kh8 17. Bg3 Qd6 18. Bg4 Qb6 19. Qd2 a5 20. O-O Rad8 21.
Qc2 Bd6 22. Qb3 Qa6 23. Be6 e4 24. Bxd6 Qxd6 25. Bg4 f5 26. Be2 f4 27. exf4
Qxf4 28. Qa3 Nc6 29. Qc5 Rd6 30. Rad1 Rf5 31. Bg4 Rg5 32. Qe3 Qxe3 33. fxe3 h5
34. Rf5 Rxf5 35. Bxf5 Ne7 36. Rf1 g6 37. Bc8 Kg7 38. Bb7 Rb6 39. Ba8 Rb8 40.
Bxd5 Nxd5 41. Rd1 Nf6 42. b3 Rb6 43. Rd8 Rd6 44. Rc8 Rc6 45. c4 a4 46. Kf2 axb3
47. axb3 Kf7 48. Ke2 Ne8 49. Kd2 Rd6+ 50. Ke2 Rd3 51. Rb8 Ke7 52. c5 Rc3 53. b4
Rc2+ 54. Kf1 Nf6 55. b5 Nd5 56. b6 Nxe3+ 57. Kg1 Rxc5 58. bxc7 Rxc7 59. Rb4 Rc4
60. Rb6 Rc2 61. Rb4 Rc4 62. Rb6 g5 63. Kf2 Nd5 64. Rg6 e3+ 65. Kf3 Rf4+ 0-1